[Event "Eliteserien 2008-2009"]
[Site "Haraldsheim"]
[Date "2008.11.07"]
[Round "1"]
[White "Bjerke, Silje"]
[Black "Søraas, Torben"]
[Result "1-0"]
[WhiteElo "2226"]
[BlackElo "2111"]
[PlyCount "89"]
[EventDate "2008.??.??"]

1. e4 e6 2. d4 d5 3. Nd2 Nf6 4. e5 Nfd7 5. Bd3 c5 6. c3 Nc6 7. Ne2 cxd4 8. cxd4
f6 9. exf6 Nxf6 10. Nf3 Bd6 11. O-O Qc7 12. Nc3 a6 13. Bg5 O-O 14. Rc1 Qf7 15.
Ne2 Bd7 16. Bf4 Bxf4 17. Nxf4 Ne4 18. Ne2 Qh5 19. Ng3 Nxg3 20. hxg3 Rf6 21. Ne5
Qxd1 22. Rfxd1 Nxe5 23. dxe5 Rff8 24. Rc7 Bc6 25. Rc1 Rfe8 26. b4 Rac8 27. Rxc8
Rxc8 28. a4 h6 29. Kf1 Kf7 30. Ke2 Ke7 31. b5 axb5 32. axb5 Bd7 33. Rxc8 Bxc8
34. b6 Bd7 35. Ke3 Ba4 36. Kd4 Kd7 37. Kc5 Ke7 38. g4 Bc6 39. f4 Kd7 40. f5 Ke7
41. g3 Bd7 42. fxe6 Bxe6 43. Be2 Bd7 44. Kxd5 Bc6+ 45. Kd4 
1-0

[Event "Eliteserien 2008-2009"]
[Site "Haraldsheim"]
[Date "2008.11.07"]
[Round "1"]
[White "Esbensen, Andreas"]
[Black "Kvisla, Johannes"]
[Result "1-0"]
[WhiteElo "2048"]
[BlackElo "2212"]
[PlyCount "83"]
[EventDate "2008.??.??"]

1. e4 e5 2. Bc4 Nf6 3. d4 Nxe4 4. dxe5 d5 5. Bxd5 Bf5 6. Bxf7+ Kxf7 7. Qxd8
Bb4+ 8. Qd2 Nxd2 9. Bxd2 Bxd2+ 10. Nxd2 Nc6 11. Ngf3 Rhe8 12. O-O Nxe5 13.
Nxe5+ Rxe5 14. Nf3 Re7 15. Rfe1 Bxc2 16. Rxe7+ Kxe7 17. Re1+ Kf6 18. g4 Rd8 19.
Kg2 Ba4 20. Re3 h6 21. h4 Bc6 22. Kg3 Rd1 23. h5 Rd5 24. Kf4 Rb5 25. b3 Rb4+
26. Kg3 Re4 27. Rd3 Re8 28. Rc3 Rd8 29. Re3 Rd5 30. Kf4 Bd7 31. Ne5 Be6 32. f3
Rd2 33. a3 a5 34. Ng6 Rd8 35. Ne5 Rd4+ 36. Kg3 c5 37. a4 Rb4 38. Nd3 Rb6 39.
Nxc5 Bc8 40. Re8 Rc6 41. Ne4+ Kf7 42. Rxc8 
1-0

[Event "Eliteserien 2008-2009"]
[Site "Haraldsheim"]
[Date "2008.11.07"]
[Round "2"]
[White "Djurhuus, Rune"]
[Black "Røyset, Jon Kr."]
[Result "1/2-1/2"]
[WhiteElo "2459"]
[BlackElo "2076"]
[PlyCount "84"]
[EventDate "2008.??.??"]

1. c4 Nf6 2. Nc3 e6 3. d4 Bb4 4. Qc2 Nc6 5. Nf3 d6 6. a3 Bxc3+ 7. Qxc3 a5 8. g3
a4 9. Bg2 O-O 10. O-O Qe7 11. Qc2 Bd7 12. Bd2 Na5 13. Rae1 b5 14. c5 Nc4 15.
Bc3 Bc6 16. e4 dxc5 17. dxc5 e5 18. Nd2 Nxd2 19. Bxd2 Rad8 20. f3 Rfe8 21. Be3
Nd7 22. Rd1 Nf8 23. Qc3 f6 24. Rfe1 Rxd1 25. Rxd1 Rd8 26. Rxd8 Qxd8 27. f4 exf4
28. gxf4 Ng6 29. Qd2 Qe8 30. Qd4 f5 31. exf5 Bxg2 32. Kxg2 Nh4+ 33. Kf2 c6 34.
f6 Nf5 35. Qd3 g6 36. Bd2 Qf8 37. Qd7 Qxc5+ 38. Kf1 Qc4+ 39. Ke1 Qe4+ 40. Kd1
Qh1+ 41. Kc2 Qe4+ 42. Kc1 Qh1+ 
1/2-1/2

[Event "Eliteserien 2008-2009"]
[Site "Haraldsheim"]
[Date "2008.11.07"]
[Round "2"]
[White "Jæger, Frode Bull"]
[Black "Hole, Øystein"]
[Result "0-1"]
[WhiteElo "2031"]
[BlackElo "2401"]
[PlyCount "77"]
[EventDate "2008.??.??"]

1. e4 c6 2. d4 d5 3. e5 c5 4. dxc5 e6 5. a3 Nc6 6. Nf3 Qc7 7. Bf4 Bxc5 8. Bd3
Nh6 9. O-O f5 10. c4 dxc4 11. Bxc4 Nf7 12. Nc3 O-O 13. Qe2 a6 14. Rac1 Qe7 15.
h4 Rd8 16. Rfd1 Nd4 17. Nxd4 Rxd4 18. Rxd4 Bxd4 19. h5 b5 20. Ba2 Bb7 21. Qd3
Rd8 22. Qg3 Bb6 23. Nb1 Rd4 24. Nd2 Qd7 25. Nf3 Rd3 26. Rc3 Rxc3 27. bxc3 Bd5
28. Bxd5 Qxd5 29. Nd2 Bc5 30. c4 bxc4 31. Qc3 Bd4 32. Qxc4 Qxc4 33. Nxc4 Kf8
34. Kf1 Ke7 35. Ke2 Kd7 36. f3 Kc6 37. Kd3 Kd5 38. Bd2 Nxe5+ 39. Nxe5 
0-1

[Event "Eliteserien 2008-2009"]
[Site "Haraldsheim"]
[Date "2008.11.07"]
[Round "2"]
[White "Skrondal, Inge Sandstad"]
[Black "Simula, Leon"]
[Result "1-0"]
[WhiteElo "2179"]
[BlackElo "2062"]
[PlyCount "89"]
[EventDate "2008.??.??"]

1. Nf3 Nf6 2. c4 d6 3. d4 g6 4. Nc3 Bg7 5. e4 O-O 6. h3 c6 7. Be3 a6 8. Bd3 b5
9. a3 Nbd7 10. O-O e5 11. d5 cxd5 12. cxd5 Nh5 13. Kh2 Nf4 14. Bc2 Nb6 15. Ng1
Nc4 16. Bc1 Bd7 17. b3 Nb6 18. Bd2 Rc8 19. Rc1 Rc7 20. Nce2 Nxe2 21. Nxe2 f5
22. Bd3 f4 23. Ng1 g5 24. Rxc7 Qxc7 25. Be2 Be8 26. Bg4 Nd7 27. Qb1 Nf6 28.
Be6+ Bf7 29. Bxf7+ Qxf7 30. Bb4 Rd8 31. f3 h5 32. Qc2 g4 33. Qc6 Bf8 34. Qxa6
Qg6 35. Qxb5 Rd7 36. Qe2 Rg7 37. Be1 Rc7 38. a4 Rc1 39. Ba5 Rc8 40. Be1 Be7 41.
a5 Bd8 42. b4 Kh7 43. b5 Nxd5 44. exd5 gxh3 45. Qe4 
1-0

[Event "Eliteserien 2008-2009"]
[Site "Haraldsheim"]
[Date "2008.11.07"]
[Round "2"]
[White "Søraas, Torben"]
[Black "Thorstensen, Trond"]
[Result "0-1"]
[WhiteElo "2111"]
[BlackElo "2175"]
[PlyCount "110"]
[EventDate "2008.??.??"]

1. e4 e6 2. d4 d5 3. Nd2 dxe4 4. Nxe4 Nd7 5. Bd3 Ngf6 6. Qe2 Be7 7. Nf3 c5 8.
Nxc5 Nxc5 9. dxc5 Qa5+ 10. c3 Qxc5 11. Be3 Qc7 12. O-O-O Bd7 13. Kb1 O-O 14. h4
Ba4 15. Rd2 Bc6 16. Bd4 Qf4 17. Rh3 Be4 18. Ne5 Bxd3+ 19. Nxd3 Qe4 20. Qf1 Rfd8
21. f3 Qf5 22. Qe1 Rxd4 23. cxd4 Bb4 24. Qd1 Bxd2 25. Qxd2 Rd8 26. g4 Qb5 27.
Nc1 e5 28. g5 Nh5 29. Rh1 Rxd4 30. Qc2 Qc6 31. Qxc6 bxc6 32. Re1 f6 33. gxf6
gxf6 34. Re4 Rxe4 35. fxe4 Ng3 36. Nd3 Nxe4 37. Nb4 c5 38. Nc6 a6 39. Nb8 a5
40. b3 Kf7 41. Nc6 a4 42. Kc2 axb3+ 43. Kxb3 Ke6 44. a4 Kd5 45. Ne7+ Kd4 46.
Nc6+ Kd3 47. a5 c4+ 48. Kb4 c3 49. Kb5 Nd6+ 50. Ka4 c2 51. Nb4+ Kd2 52. Nxc2
Kxc2 53. a6 Nc8 54. Kb5 e4 55. Kc6 e3 
0-1

[Event "Eliteserien 2008-2009"]
[Site "Haraldsheim"]
[Date "2008.11.07"]
[Round "2"]
[White "Furu, Thormod"]
[Black "Briseid, Håkon"]
[Result "0-1"]
[WhiteElo "1871"]
[BlackElo "1897"]
[PlyCount "136"]
[EventDate "2008.??.??"]

1. e4 e5 2. Nf3 Nc6 3. Bb5 a6 4. Ba4 Nf6 5. O-O Be7 6. Re1 b5 7. Bb3 O-O 8. c3
d6 9. h3 Na5 10. Bc2 c5 11. d4 Nc6 12. Nbd2 cxd4 13. cxd4 Bb7 14. Nf1 exd4 15.
Nxd4 d5 16. Nxc6 Bxc6 17. exd5 Qxd5 18. Qxd5 Nxd5 19. Bb3 Bf6 20. Bxd5 Bxd5 21.
Ne3 Be6 22. Rd1 Rfd8 23. Kf1 Rxd1+ 24. Nxd1 Rc8 25. Ke1 Bd5 26. Ne3 Be6 27. Nd1
g6 28. a3 Bb3 29. Ne3 Be6 30. Nd1 Bg7 31. Bd2 Re8 32. Be3 f5 33. Kd2 Rd8+ 34.
Ke1 Bd5 35. Kf1 Bc4+ 36. Ke1 Re8 37. Kd2 f4 38. Bxf4 Re2+ 39. Kc1 Bb3 40. Bd2
Kf7 41. g3 Bd4 42. h4 h5 43. Rb1 Bxf2 44. Nc3 Re8 45. Bf4 Rd8 46. Ra1 Rd3 47.
Rb1 Ke6 48. Bd2 Kf5 49. Nd1 Be1 50. Ne3+ Ke4 51. Nf1 Bxd2+ 52. Nxd2+ Kf5 53.
Nxb3 Rxb3 54. Kd2 Kg4 55. Re1 Rxb2+ 56. Kc1 Rb3 57. Re6 Kxg3 58. Rxg6+ Kxh4 59.
Rxa6 Kh3 60. Kd2 h4 61. Ke2 Kg2 62. a4 bxa4 63. Rxa4 h3 64. Rg4+ Rg3 65. Rf4 h2
66. Rf2+ Kh3 67. Rf1 Rg1 68. Kf2 Rxf1+ 
0-1

[Event "Eliteserien 2008-2009"]
[Site "Haraldsheim"]
[Date "2008.11.07"]
[Round "2"]
[White "Tisdall, Jonathan"]
[Black "Elsness, Frode"]
[Result "1/2-1/2"]
[WhiteElo "2386"]
[BlackElo "2425"]
[PlyCount "73"]
[EventDate "2008.??.??"]

1. Nf3 Nf6 2. c4 g6 3. Nc3 d5 4. cxd5 Nxd5 5. Qa4+ Bd7 6. Qb3 Nb6 7. d4 Bg7 8.
Bg5 Be6 9. Qc2 Nc6 10. Rd1 Bf5 11. Qc1 Nb4 12. e4 Bg4 13. d5 O-O 14. a3 Na6 15.
Qf4 Bxf3 16. Qxf3 Nc5 17. Qe3 Nca4 18. Nxa4 Nxa4 19. b3 Nb6 20. Qc5 Nd7 21. Qc2
Rc8 22. Bc4 c6 23. O-O h6 24. dxc6 Rxc6 25. Qd2 hxg5 26. Qxd7 Qb6 27. Qxe7 Bf6
28. Qb4 Qxb4 29. axb4 a6 30. f4 gxf4 31. Rxf4 Be5 32. Rf3 b5 33. Bd5 Rc7 34. g3
Kg7 35. Rf2 Rd8 36. Kg2 Rd6 37. h4 
1/2-1/2

[Event "Eliteserien 2008-2009"]
[Site "Haraldsheim"]
[Date "2008.11.07"]
[Round "2"]
[White "Diesen, Bruce"]
[Black "Haugli, Petter"]
[Result "0-1"]
[WhiteElo "2141"]
[BlackElo "2229"]
[PlyCount "86"]
[EventDate "2008.??.??"]

1. e4 c5 2. Nf3 e6 3. d4 cxd4 4. Nxd4 Bc5 5. Nb3 Bb6 6. Nc3 Ne7 7. Bg5 Nbc6 8.
Bc4 O-O 9. O-O f5 10. exf5 Rxf5 11. Qd2 d5 12. Bd3 Rf7 13. Na4 Bc7 14. f4 Qd6
15. c4 h6 16. Bxe7 Nxe7 17. c5 Qd8 18. Nd4 Nc6 19. Nxc6 bxc6 20. Rae1 Qf6 21.
Bb1 Ba6 22. Rf3 Bxf4 23. Qf2 e5 24. g3 Qg5 25. Kh1 Bd2 26. Rxf7 Bxe1 27. Bh7+
Kxh7 28. Qxe1 Kg8 29. Rf2 d4 30. b3 Re8 31. Qe4 Bb5 32. Nb2 Qc1+ 33. Kg2 Qxc5
34. a4 Ba6 35. Rc2 Qd5 36. Qxd5+ cxd5 37. Rc5 Rb8 38. Ra5 Rxb3 39. Rxa6 Rxb2+
40. Kf3 e4+ 41. Kf4 e3 42. Re6 Rf2+ 43. Kg4 e2 
0-1

[Event "Eliteserien 2008-2009"]
[Site "Haraldsheim"]
[Date "2008.11.07"]
[Round "2"]
[White "Stray, Gunnar"]
[Black "Gunnesdal, Lars"]
[Result "0-1"]
[WhiteElo "1967"]
[BlackElo "1978"]
[PlyCount "62"]
[EventDate "2008.??.??"]

1. d4 f5 2. Nc3 Nf6 3. Bg5 e6 4. g4 Be7 5. gxf5 exf5 6. Nf3 d6 7. Qd3 c6 8. h4
Be6 9. Bh3 Qa5 10. Kf1 Nbd7 11. Qe3 Kf7 12. b4 Qc7 13. d5 Bxd5 14. Bxf5 Ne5 15.
Rg1 Rae8 16. Nd4 Bc4 17. f4 Neg4 18. Be6+ Kf8 19. Qh3 Qb6 20. Rd1 Bxe6 21.
Nxe6+ Kf7 22. Nd4 h5 23. e4 Qxb4 24. e5 Qc4+ 25. Qd3 Qxd3+ 26. Rxd3 dxe5 27.
fxe5 Nxe5 28. Re3 Neg4 29. Rf3 Bc5 30. Bxf6 gxf6 31. Rd3 Ne3+ 
0-1

[Event "Eliteserien 2008-2009"]
[Site "Haraldsheim"]
[Date "2008.11.07"]
[Round "2"]
[White "Kveinys, Aloyzas"]
[Black "Sahl, Bjarke"]
[Result "1/2-1/2"]
[WhiteElo "2600"]
[BlackElo "2347"]
[PlyCount "77"]
[EventDate "2008.??.??"]

1. d4 d6 2. g3 f5 3. Bg2 Nf6 4. Nd2 e5 5. dxe5 dxe5 6. e4 Nc6 7. c3 fxe4 8.
Nxe4 Qxd1+ 9. Kxd1 Bg4+ 10. Ke1 Nxe4 11. Bxe4 Bc5 12. h3 Bh5 13. b4 Bb6 14. g4
Bg6 15. Bxg6+ hxg6 16. a4 a6 17. Ra2 O-O 18. Re2 e4 19. a5 Ba7 20. Rxe4 Rxf2
21. Ne2 Raf8 22. h4 R2f3 23. Kd1 Bf2 24. Kc2 Na7 25. Bg5 Nb5 26. Rd1 Nd6 27.
Re7 R8f7 28. Rxf7 Rxf7 29. Rd5 Rf8 30. Bf4 Re8 31. Kd3 Bxh4 32. Bxd6 Rd8 33.
Nf4 Rxd6 34. Rxd6 cxd6 35. Nxg6 Bg5 36. Ke4 Bf6 37. c4 Bc3 38. Ne7+ Kf7 39. Nd5
1/2-1/2

[Event "Eliteserien 2008-2009"]
[Site "Haraldsheim"]
[Date "2008.11.07"]
[Round "2"]
[White "Aulin-Jansson, Jøran"]
[Black "Thomassen, Joachim"]
[Result "1/2-1/2"]
[WhiteElo "2183"]
[BlackElo "2308"]
[PlyCount "126"]
[EventDate "2008.??.??"]

1. d4 Nf6 2. Nf3 g6 3. c4 Bg7 4. Nc3 O-O 5. e4 d6 6. Be2 e5 7. dxe5 dxe5 8.
Qxd8 Rxd8 9. Bg5 Re8 10. Nd5 Nxd5 11. cxd5 c6 12. O-O cxd5 13. exd5 e4 14. Nd2
Re5 15. Be3 Rxd5 16. Nxe4 Nc6 17. Bc4 Rd8 18. Rad1 Bf5 19. Nd6 Ne5 20. Bb3 Be6
21. Bxe6 fxe6 22. b3 b6 23. h3 h6 24. Nb5 Nc6 25. Nc7 Rxd1 26. Rxd1 Rd8 27. Rc1
Nd4 28. Bxd4 Rxd4 29. Nxe6 Rd7 30. Nxg7 Kxg7 31. Kf1 Re7 32. f3 h5 33. Kf2 Kf6
34. Rc6+ Kf5 35. g4+ Kg5 36. h4+ Kxh4 37. Rxg6 hxg4 38. Rxg4+ Kh5 39. Rg2 Rf7
40. Ke3 Re7+ 41. Kd4 Rf7 42. Ke4 Re7+ 43. Kd5 Rf7 44. Rg3 Rd7+ 45. Kc4 Rc7+ 46.
Kb4 Rc2 47. a4 Rc5 48. f4 Kh6 49. Ka3 Rf5 50. Re3 Rxf4 51. Re7 a5 52. Re6+ Kg7
53. Rxb6 Rf5 54. Rb5 Kf6 55. b4 Rf3+ 56. Kb2 axb4 57. Rxb4 Ke5 58. a5 Kd6 59.
a6 Kc7 60. Rb7+ Kc8 61. Rb5 Kc7 62. Rb7+ Kc8 63. Rh7 Kb8 
1/2-1/2

[Event "Eliteserien 2008-2009"]
[Site "Haraldsheim"]
[Date "2008.11.07"]
[Round "2"]
[White "Forså, Espen"]
[Black "Hammerstad, Åsmund"]
[Result "1-0"]
[WhiteElo "2313"]
[BlackElo "2170"]
[PlyCount "129"]
[EventDate "2008.??.??"]

1. d4 d5 2. c4 c6 3. Nf3 Nf6 4. Nc3 a6 5. Qb3 e6 6. Bg5 dxc4 7. Qxc4 b5 8. Qb3
Nbd7 9. e3 h6 10. Bh4 Be7 11. Be2 O-O 12. O-O c5 13. a4 b4 14. Nb1 cxd4 15.
Nxd4 Bb7 16. Nd2 Nc5 17. Qd1 Nfe4 18. Bxe7 Qxe7 19. Nxe4 Bxe4 20. Bf3 e5 21.
Bxe4 Nxe4 22. Nc6 Qe6 23. Rc1 a5 24. Qd3 Nf6 25. Rfd1 Rfe8 26. Qc4 Qf5 27. Qd3
Qe6 28. Rc5 Rac8 29. Qc4 Kh8 30. Qxe6 Rxe6 31. Rd8+ Rxd8 32. Nxd8 Re7 33. f3 e4
34. Nc6 Rd7 35. Nd4 exf3 36. gxf3 Nd5 37. Kf2 Nf4 38. Rxa5 Nd3+ 39. Ke2 Nxb2
40. Ra8+ Kh7 41. a5 Rd5 42. a6 Ra5 43. Nc6 Rc5 44. Nxb4 Rb5 45. a7 Rxb4 46. Rb8
Ra4 47. a8=Q Rxa8 48. Rxa8 Nc4 49. Ra6 Ne5 50. f4 Ng4 51. h3 Nf6 52. Kf3 Ng8
53. Ra5 g6 54. e4 Kg7 55. Ra7 Kf8 56. e5 Ne7 57. Ke4 h5 58. Rc7 Nf5 59. e6 fxe6
60. Ke5 Ng7 61. h4 Kg8 62. Rxg7+ Kxg7 63. Kxe6 g5 64. fxg5 Kg6 65. Ke5 
1-0

[Event "Eliteserien 2008-2009"]
[Site "Haraldsheim"]
[Date "2008.11.07"]
[Round "2"]
[White "Hansen, Torbjørn R."]
[Black "Stokke, Kjetil"]
[Result "1-0"]
[WhiteElo "2433"]
[BlackElo "2305"]
[PlyCount "83"]
[EventDate "2008.??.??"]

1. e4 c5 2. Nf3 Nc6 3. Nc3 e5 4. Bc4 d6 5. d3 Be7 6. Nd2 Bg5 7. Nf1 Bxc1 8.
Rxc1 Nge7 9. Ne3 O-O 10. O-O Be6 11. Ncd5 Qd7 12. c3 Rab8 13. a3 b5 14. Nxe7+
Nxe7 15. Bxe6 Qxe6 16. d4 exd4 17. cxd4 Qxe4 18. dxc5 dxc5 19. Rxc5 Rfd8 20.
Rxb5 a5 21. Re1 Qc6 22. Rxb8 Rxb8 23. Qd2 Qb5 24. b4 axb4 25. axb4 g6 26. Rb1
Nf5 27. Nxf5 Qxf5 28. Qb2 Qb5 29. h3 h5 30. Rd1 Re8 31. Qc3 Kh7 32. Qf6 Kg8 33.
Rd8 Rxd8 34. Qxd8+ Kh7 35. Qd4 f5 36. Qc5 Qe2 37. b5 Qb2 38. b6 Kh6 39. Qc7 Qd2
40. b7 Qe1+ 41. Kh2 Qe5+ 42. Qxe5 
1-0

[Event "Eliteserien 2008-2009"]
[Site "Haraldsheim"]
[Date "2008.11.07"]
[Round "2"]
[White "Gullaksen, Eirik"]
[Black "Bae, Torstein"]
[Result "0-1"]
[WhiteElo "2387"]
[BlackElo "2376"]
[PlyCount "120"]
[EventDate "2008.??.??"]

1. e4 c5 2. Nf3 d6 3. d4 cxd4 4. Nxd4 Nf6 5. Nc3 a6 6. Bc4 e6 7. O-O b5 8. Bb3
Be7 9. Qf3 Qb6 10. Bg5 O-O 11. Rad1 Nbd7 12. a3 Bb7 13. Qg3 Kh8 14. Be3 Qa5 15.
f3 Rac8 16. Qe1 Ne5 17. Rf2 Nc4 18. Bxc4 Rxc4 19. Rfd2 Rcc8 20. Nb3 Qc7 21. Bf4
Rfd8 22. Qf2 Kg8 23. g4 h5 24. h3 hxg4 25. hxg4 Nd7 26. Bxd6 Bxd6 27. Rxd6 Ne5
28. Rxd8+ Rxd8 29. Rxd8+ Qxd8 30. Nc5 Bc8 31. Kg2 Qd6 32. b3 f5 33. Qe3 fxg4
34. f4 Ng6 35. Nd3 Qxa3 36. Qb6 Qe7 37. Qb8 Qf8 38. Kg3 Qd8 39. Nf2 Qh4+ 40.
Kg2 Qd8 41. Ne2 Kh7 42. Nd3 Qd7 43. Kf2 Qc6 44. Ke3 Qxc2 45. Nd4 Qc3 46. Ne2
Qc6 47. Nd4 Qe8 48. b4 Qf8 49. Qc7 g3 50. Nf3 g2 51. Qc2 Nh4 52. Ng5+ Kg8 53.
Qf2 Qd6 54. Qg3 Bb7 55. Nh3 Bxe4 56. Qxh4 Qxd3+ 57. Kf2 Qf3+ 58. Ke1 Qxh3 59.
Qxh3 g1=Q+ 60. Ke2 Qg2+ 
0-1

[Event "Eliteserien 2008-2009"]
[Site "Haraldsheim"]
[Date "2008.11.07"]
[Round "2"]
[White "Urkedal, Frode Olav Olsen"]
[Black "Bern, Ivar"]
[Result "1/2-1/2"]
[WhiteElo "2276"]
[BlackElo "2252"]
[PlyCount "119"]
[EventDate "2008.??.??"]

1. d4 e6 2. c4 f5 3. g3 Nf6 4. Bg2 c6 5. Nc3 d5 6. Nh3 Bd6 7. Bf4 Be7 8. O-O
O-O 9. Qc2 dxc4 10. Rad1 Na6 11. a3 Nc7 12. e4 fxe4 13. Nxe4 Ncd5 14. Be5 Ng4
15. Qxc4 Nxe5 16. dxe5 Qb6 17. Qc2 Rf5 18. Nd6 Bxd6 19. exd6 Bd7 20. Rfe1 Raf8
21. g4 R5f6 22. Re5 g6 23. Rd2 Qd8 24. Ng5 Nf4 25. Ne4 R6f7 26. g5 Rf5 27. Qc3
Nd5 28. Qg3 Rxe5 29. Qxe5 Rf5 30. Qg3 e5 31. Qb3 b6 32. Nf6+ Kg7 33. Nxd5 cxd5
34. Qxd5 Qxg5 35. Rc2 Qh4 36. h3 Qf4 37. Rc7 Rf7 38. Kh1 h5 39. Qe4 Qxf2 40.
Qxe5+ Kh6 41. Rc1 Qf6 42. Qe3+ Kg7 43. Bd5 Rf8 44. Qe7+ Qxe7 45. dxe7 Re8 46.
Rc7 Rxe7 47. Rxa7 Kf6 48. Rb7 Bxh3 49. Rxb6+ Kg5 50. a4 Bf5 51. Bf3 Re1+ 52.
Kg2 Ra1 53. Rb4 Bd7 54. Rd4 Bxa4 55. Rd5+ Kf4 56. Rd4+ Ke3 57. Re4+ Kd2 58.
Re2+ Kc1 59. Kg3 Bc2 60. Re1+ 
1/2-1/2

[Event "Eliteserien 2008-2009"]
[Site "Haraldsheim"]
[Date "2008.11.07"]
[Round "2"]
[White "Borchgrevink, Harald B"]
[Black "Bjerke, Silje"]
[Result "1/2-1/2"]
[WhiteElo "2271"]
[BlackElo "2226"]
[PlyCount "47"]
[EventDate "2008.??.??"]

1. Nf3 Nf6 2. c4 g6 3. Nc3 d5 4. cxd5 Nxd5 5. Qa4+ Bd7 6. Qh4 Nxc3 7. dxc3 Nc6
8. e4 e5 9. Bg5 Be7 10. Bxe7 Qxe7 11. Qxe7+ Kxe7 12. Bc4 f6 13. b4 Be6 14. Bd5
Nd8 15. O-O c6 16. Bb3 Nf7 17. Bxe6 Kxe6 18. Nd2 Rhd8 19. Nb3 b6 20. a4 Rd3 21.
Rfc1 Rad8 22. Kf1 Ke7 23. Ke2 R3d7 24. f3 
1/2-1/2

[Event "Eliteserien 2008-2009"]
[Site "Haraldsheim"]
[Date "2008.11.07"]
[Round "2"]
[White "Kvisla, Johannes"]
[Black "Hagesæther, Halvard"]
[Result "0-1"]
[WhiteElo "2212"]
[BlackElo "2238"]
[PlyCount "76"]
[EventDate "2008.??.??"]

1. d4 Nf6 2. c4 Nc6 3. Nc3 e5 4. d5 Ne7 5. h4 Neg8 6. Qd3 Bd6 7. g3 Bc5 8. Bg2
d6 9. Nh3 Ne7 10. Bd2 a6 11. e3 h6 12. Qe2 O-O 13. Ne4 Nxe4 14. Bxe4 b5 15. b4
Bb6 16. a4 bxc4 17. a5 Ba7 18. Qxc4 c6 19. Rc1 cxd5 20. Bxd5 Nxd5 21. Qxd5 Rb8
22. Qd3 Bb7 23. O-O Qf6 24. Qe2 Rbc8 25. Kh2 Qf5 26. f3 Rxc1 27. Bxc1 Rc8 28.
e4 Qe6 29. Nf2 Qb3 30. Bd2 Rc2 31. Kg2 d5 32. exd5 Bxd5 33. Rc1 Rxd2 34. Qxd2
Qxf3+ 35. Kh3 Qg2+ 36. Kg4 Be6+ 37. Kh5 Qf3+ 38. g4 Kh7 
0-1

[Event "Eliteserien 2008-2009"]
[Site "Haraldsheim"]
[Date "2008.11.07"]
[Round "2"]
[White "Martinsen, Stig K."]
[Black "Gvein, Kenneth"]
[Result "1-0"]
[WhiteElo "2093"]
[BlackElo "2176"]
[PlyCount "111"]
[EventDate "2008.??.??"]

1. d4 d5 2. c4 e6 3. Nc3 f5 4. Nf3 Nf6 5. Bf4 c6 6. e3 Bd6 7. Bd3 O-O 8. Bxd6
Qxd6 9. Qc2 Ne4 10. O-O Nd7 11. Rfd1 a6 12. Nd2 b5 13. cxb5 cxb5 14. Nb3 Bb7
15. f3 Nxc3 16. Qxc3 Rac8 17. Qd2 e5 18. f4 e4 19. Be2 h6 20. Na5 Ba8 21. a4 b4
22. Rdc1 Qb6 23. Nb3 a5 24. Bb5 Nf6 25. Rc5 Bb7 26. Rac1 Rxc5 27. dxc5 Qc7 28.
c6 Bc8 29. Qd4 g5 30. Rf1 Kh7 31. Qc5 Rg8 32. Be2 gxf4 33. Rxf4 Ne8 34. g3 Ng7
35. Qxd5 Be6 36. Qxa5 Qxc6 37. Nd4 Qd6 38. Nxe6 Qxe6 39. Qxb4 Qc6 40. Rf1 h5
41. Bc4 Rc8 42. b3 Qf6 43. Rd1 Qg5 44. Qe1 h4 45. Kh1 Qh5 46. Rd2 Rc6 47. Qe2
Qg5 48. gxh4 Qxh4 49. Qf2 Qf6 50. Rd1 Nh5 51. Qg2 Rd6 52. Qg8+ Kh6 53. Rxd6
Qxd6 54. Qe6+ Qxe6 55. Bxe6 f4 56. Bf7 
1-0

[Event "Eliteserien 2008-2009"]
[Site "Haraldsheim"]
[Date "2008.11.07"]
[Round "2"]
[White "Øgaard, Leif"]
[Black "Johansen, Terje"]
[Result "1-0"]
[WhiteElo "2372"]
[BlackElo "2182"]
[PlyCount "70"]
[EventDate "2008.??.??"]

1. d4 f5 2. g3 Nf6 3. Bg2 g6 4. Nf3 Bg7 5. O-O O-O 6. c3 Qe8 7. Bg5 d6 8. Bxf6
Bxf6 9. Nbd2 e5 10. dxe5 dxe5 11. e4 Nc6 12. Re1 Be6 13. b4 a6 14. a4 Rd8 15.
Qe2 f4 16. gxf4 Bg4 17. b5 Na5 18. bxa6 bxa6 19. Qxa6 Ra8 20. Qb5 c6 21. Qc5
exf4 22. e5 Be7 23. Qb6 g5 24. Nd4 Bd8 25. Qb1 Bh5 26. e6 Ra7 27. Qb8 Re7 28.
Qe5 Qg6 29. Be4 Qh6 30. Nf5 Rxf5 31. Bxf5 Bc7 32. Qc5 Kf8 33. Qd4 Kg8 34. Ne4
c5 35. Qf6 Bg6 
1-0

[Event "Eliteserien 2008-2009"]
[Site "Haraldsheim"]
[Date "2008.11.07"]
[Round "2"]
[White "Trygstad, Kristian D."]
[Black "Pedersen, Jone Riska"]
[Result "1-0"]
[WhiteElo "2319"]
[BlackElo "2089"]
[PlyCount "46"]
[EventDate "2008.??.??"]

1. e4 g6 2. d4 Bg7 3. Nc3 c5 4. dxc5 Qa5 5. Bd2 Qxc5 6. Nd5 b6 7. Bf4 Bxb2 8.
Nc7+ Kd8 9. Nxa8 Qb4+ 10. Bd2 Qxe4+ 11. Be2 Qxa8 12. Rb1 Bd4 13. Nf3 Bc5 14.
Bc3 f6 15. Qd2 Bb7 16. O-O e5 17. Nxe5 Bxg2 18. Rfd1 Bh1 19. Bf1 fxe5 20. Bxe5
Nh6 21. Bxh8 Qf3 22. Rb3 Qh5 23. Rh3 Qf5 
1-0

[Event "Eliteserien 2008-2009"]
[Site "Haraldsheim"]
[Date "2008.11.07"]
[Round "2"]
[White "Holen, Torgeir"]
[Black "Kovachev, Daniel Jakobsen"]
[Result "0-1"]
[WhiteElo "1929"]
[BlackElo "2265"]
[PlyCount "34"]
[EventDate "2008.??.??"]

1. d4 Nf6 2. Nf3 e6 3. g3 d5 4. Bg2 Be7 5. O-O O-O 6. Nbd2 c5 7. c4 cxd4 8.
Nxd4 e5 9. N4f3 Nc6 10. cxd5 Qxd5 11. Qa4 e4 12. Ne1 Nd4 13. e3 Ne2+ 14. Kh1
Bf5 15. Qc4 Qxc4 16. Nxc4 Rac8 17. b3 Nxc1 
0-1

[Event "Eliteserien 2008-2009"]
[Site "Haraldsheim"]
[Date "2008.11.07"]
[Round "2"]
[White "Johannessen, Leif E"]
[Black "Gabrielsen, Stig"]
[Result "1-0"]
[WhiteElo "2529"]
[BlackElo "2344"]
[PlyCount "61"]
[EventDate "2008.??.??"]

1. d4 Nf6 2. c4 g6 3. Nc3 d5 4. cxd5 Nxd5 5. Bd2 Bg7 6. e4 Nb6 7. Be3 O-O 8.
Bb5 Be6 9. Nf3 Bc4 10. Bxc4 Nxc4 11. Qb3 Nxe3 12. fxe3 Nc6 13. Qxb7 Na5 14. Qd5
Qxd5 15. Nxd5 e6 16. Ne7+ Kh8 17. Rc1 c5 18. Rxc5 Nb7 19. Rc7 Nd6 20. e5 Nb5
21. Rc5 Rfb8 22. Nc6 Rb6 23. Ke2 Nc7 24. b3 Bf8 25. Rc4 Nd5 26. Ng5 Kg8 27. e4
Nc7 28. Rf1 Nb5 29. a4 Na3 30. Rc3 a5 31. Nxf7 
1-0

[Event "Eliteserien 2008-2009"]
[Site "Haraldsheim"]
[Date "2008.11.07"]
[Round "2"]
[White "Gabrielsen, Trond"]
[Black "Hammer, Jon Ludvig"]
[Result "1/2-1/2"]
[WhiteElo "2300"]
[BlackElo "2565"]
[PlyCount "146"]
[EventDate "2008.??.??"]

1. e4 e5 2. Nf3 Nc6 3. Bb5 Nf6 4. O-O Nxe4 5. Re1 Nd6 6. Nxe5 Be7 7. Bd3 Nxe5
8. Rxe5 O-O 9. Nc3 c6 10. b3 Ne8 11. Bb2 d5 12. Qf3 Bd6 13. Ree1 Qg5 14. h3 Nc7
15. Rad1 f5 16. Ne2 Ne6 17. c4 Qh6 18. Ng3 Ng5 19. Qh5 Qg6 20. cxd5 cxd5 21.
Be5 Bb4 22. Qh4 Ne4 23. Nh5 Bc5 24. Re2 Rf7 25. Nf4 Qc6 26. Qd8+ Rf8 27. Qxd5+
Qxd5 28. Nxd5 Bd7 29. Bc4 b5 30. Nf6+ Kh8 31. Nxd7 bxc4 32. Nxf8 Rxf8 33. bxc4
Rd8 34. Rb1 Bb6 35. Rb2 Kg8 36. d4 Bxd4 37. Bxd4 Rxd4 38. f3 Ng3 39. Red2 Rxc4
40. Kf2 f4 41. Rb8+ Kf7 42. Rb1 Kf6 43. Ke1 Rc6 44. Kd1 Nf1 45. Re2 h6 46. Rb7
a6 47. a4 a5 48. Ra7 Rc5 49. Rb2 Ne3+ 50. Ke2 Nd5 51. Kd2 Nb4 52. Rxa5 Rxa5 53.
Rxb4 g5 54. Kc3 Kg6 55. Rd4 Kh5 56. Kb4 Ra8 57. Rd2 Kh4 58. Ra2 Kg3 59. a5 h5
60. Kb5 Rf8 61. a6 Rg8 62. Kc5 g4 63. hxg4 hxg4 64. fxg4 Rg5+ 65. Kd6 Rxg4 66.
a7 Rg8 67. a8=Q Rxa8 68. Rxa8 Kxg2 69. Rg8+ Kh2 70. Ke5 f3 71. Ke4 f2 72. Rf8
Kg2 73. Rxf2+ Kxf2 
1/2-1/2

[Event "Eliteserien 2008-2009"]
[Site "Haraldsheim"]
[Date "2008.11.07"]
[Round "2"]
[White "Kirkebø, Carl Peter"]
[Black "Moen, Andreas G.R."]
[Result "1-0"]
[WhiteElo "2076"]
[BlackElo "2341"]
[PlyCount "38"]
[EventDate "2008.??.??"]

1. e4 e5 2. Nf3 Nf6 3. Nxe5 d6 4. Nf3 Nxe4 5. Nc3 Nxc3 6. dxc3 Be7 7. Be3 O-O
8. Qd2 Nc6 9. O-O-O Re8 10. Be2 Ne5 11. Nd4 Ng4 12. Bxg4 Bxg4 13. f3 Bf6 14. h4
Bd7 15. h5 c5 16. Nb3 Bc6 17. Kb1 a5 18. c4 a4 19. Nc1 Qb6 
1-0

[Event "Eliteserien 2008-2009"]
[Site "Haraldsheim"]
[Date "2008.11.07"]
[Round "2"]
[White "Lie, Kjetil A."]
[Black "Richter, Michael"]
[Result "1-0"]
[WhiteElo "2528"]
[BlackElo "2365"]
[PlyCount "74"]
[EventDate "2008.??.??"]

1. c4 e6 2. g3 d5 3. Bg2 Nf6 4. Nf3 dxc4 5. O-O a6 6. Nc3 Nbd7 7. b3 cxb3 8.
axb3 Bb4 9. Qc2 O-O 10. Bb2 Qe7 11. d4 c6 12. e4 h6 13. Rfe1 b6 14. d5 cxd5 15.
exd5 Bb7 16. dxe6 fxe6 17. Nd4 Bxg2 18. Kxg2 Nc5 19. f3 Qb7 20. Nxe6 Nxe6 21.
Rxe6 Rac8 22. Rc1 Nh7 23. Qe4 Qxe4 24. Nxe4 Rxc1 25. Bxc1 Rb8 26. Bf4 Rb7 27.
Be3 Ba5 28. Re8+ Nf8 29. Nd6 Rd7 30. Nc4 Bb4 31. Bxb6 Rd3 32. Rb8 Kh7 33. Bf2
Be7 34. Rb6 Bf6 35. b4 Rb3 36. Bc5 Nd7 37. Rxa6 Rc3 
1-0